| 000 | 00989nam a2200241Ii 4500 | ||
|---|---|---|---|
| 003 | JO-AjNU | ||
| 008 | 230605s9999||||xx |||||||||||||| ||und|| | ||
| 017 | _a2018/4/4173 | ||
| 020 | _a978-9957-23-474-4 | ||
| 040 |
_aJO-AjNU _bara _erda _cJO-AjNU |
||
| 041 | _aara | ||
| 050 | 1 | 4 | _aK5301.2018 |
| 100 | 3 |
_aاعداد قسم حقوق الانسان في هيئة علماء المسلمين في العراق, _eauthor _964110 |
|
| 245 | 0 | 0 | _aالعراق كوارث إنسانية وجرائم حرب بمشاركة المجتمع الدولي |
| 250 | _aط1 | ||
| 264 | 3 | 1 | _aبغداد: مؤسسة البصائر للدراسات والنشر، 2018 |
| 300 |
_a189ص _bيحتوي على صور توضيحية |
||
| 336 |
_atext _btxt _2rdacontent |
||
| 337 |
_aunmediated _bn _2rdamedia |
||
| 338 |
_avolume _bnc _2rdacarrier |
||
| 490 | 0 | _aسلسلة اصدارات هيئة علماء المسلمين في العراق 29 | |
| 650 | 4 |
_aجرائم الحرب-العراق _964111 |
|
| 999 |
_aA29116 _c32684 _d32684 |
||